AH International Schools' Libraries

Twisters / (Record no. 49408)

MARC details
000 -LEADER
fixed length control field 00289nam a2200121 4500
020 ## - INTERNATIONAL STANDARD BOOK NUMBER
International Standard Book Number 9785001015857
100 ## - MAIN ENTRY--PERSONAL NAME
Personal name Hayden, Kate
9 (RLIN) 44041
245 ## - TITLE STATEMENT
Title Twisters /
Statement of responsibility, etc Kate Hayden
260 ## - PUBLICATION, DISTRIBUTION, ETC. (IMPRINT)
Place of publication, distribution, etc US
Name of publisher, distributor, etc DK
Date of publication, distribution, etc 2019
300 ## - PHYSICAL DESCRIPTION
Extent 32 p.
Other physical details col. ill.
Dimensions 23 cm.
650 ## - SUBJECT ADDED ENTRY--TOPICAL TERM
Topical term or geographic name as entry element Twisters
9 (RLIN) 86607
942 ## - ADDED ENTRY ELEMENTS (KOHA)
Source of classification or shelving scheme
Koha item type Book
Holdings
Withdrawn status Lost status Source of classification or shelving scheme Damaged status Not for loan Collection code Home library Current library Date acquired Total Checkouts Full call number Barcode Checked out Date last seen Date checked out Price effective from Koha item type
          Non-Fiction Asian Hope Early Years Library Asian Hope Early Years Library 08/25/2025 9 X 551.55 HAY 208968 04/28/2026 04/28/2026 04/28/2026 08/25/2025 Book

For any Logos Library related questions please contact Miss Art at swongnarasuk@asianhope.org.

For any Asian Hope Library related questions please contact Miss Raza at graza@asianhope.org.

Powered by Koha